000 01529nam a2200265Ia 4500
999 _c38432
_d38432
001 4443
003 GE_BSU
005 20190524141850.0
008 181216s1990||||ge |||||||||||||| ||geo||
040 _cGE_BSU
041 _ageo
080 _a517.911/958(075.8) მ–40
245 _aმაღალი რიგის ჩვეულებრივი დიფერენციალური განტოლებები, ჩვეულებრივ დიფერენციალურ განტოლებათა სისტემები : ლექციების კონსპექტი /
_cრ.რუხაძე ; გ. გაფრინდაშვილი ; გ. ჯავახიშვილი ; ა. მამუჩაშვილი ; რედ : ც.არსენიძე
264 _aთბილისი :
_bსტუ,
_c1990.
300 _a72 გვ .:
_c20 სმ.
653 _aლექციების კონსპექტი
653 _aმაღალი რიგის ჩვეულებრივი დიფერენციალური განტლებები
653 _aგეომეტრია
700 _aრუხაძე, რ
_91553
700 _aგაფრინდაშვილი, გ
_91554
700 _aჯავახიშვილი, გ
_91555
700 _aმამუჩაშვილი, ა
_91556
700 _aარსენიძე, ც
_eრედაქტორი
_91557
942 _cBK
_2udc